• 首页
  • 本馆介绍
  • 公告通知
  • 最新文献
  • 馆藏检索
  • 电子资源
  • 读者荐购
  • 参考咨询
  • CALIS
  • 我的图书馆
  • 登录
  • 详细信息显示
  • 放入我的书架
  • 预约/预借图书
  • 作者相关作品
  • 分类相关作品
  • 丛书相关作品
  • 出版社相关作品

书目信息

  • 表格格式
  • 工作单格式
  • 卡片格式
题名:
建筑设计规范
    
 
作者: ;中国建筑工业出版社 编
分册:  
出版信息: 北京   中国建筑工业出版社  2008.01
页数: 1册
开本: 26cm
丛书名: 工程建设常用规范选编
单 册:
中图分类: TU202
科图分类:
主题词: 建筑设计--jian zhu she ji--建筑规范--高等学校--中国--教材
电子资源:
ISBN:
 
 
 
 
 
000 01018nam 2200253 450
001 012009873627
005 20090924134832.18
091    @a15112.14555@dCNY130.00
100    @a20090924d2008 em y0chiy0120 ea
101 0  @achi
102    @aCN@b110000
105    @aabk z 000yy
106    @ar
200 1  @a建筑设计规范@Ajian zhu she ji gui fan@f中国建筑工业出版社编@Fzhong guo jian zhu gong ye chu ban she bian
210    @a北京@c中国建筑工业出版社@d2008.01
215    @a1册@c图, 折图, 地图@d26cm
225 2  @a工程建设常用规范选编@Agong cheng jian she chang yong gui fan xuan bian
330    @a本书介绍了规范在功能关系和交通空间、防火设计、技术经济、设备、安全、室外环境、住宅设计等方面的规定。本书科学合理,内容准确,突出重点。
410  0 @12001 @a工程建设常用规范选编
606 0  @a建筑设计@Ajian zhu she ji@x建筑规范@x高等学校@y中国@j教材
690    @aTU202@v4
711 02 @a中国建筑工业出版社@Azhong guo jian zhu gong ye chu ban she@4编
801  0 @aCN@bQSSK@c20090924
905    @b759136-40@dTU202@eZ567@f5
    
    建筑设计规范/中国建筑工业出版社编.-北京:中国建筑工业出版社,2008.01
    1册:图, 折图, 地图;26cm.-(工程建设常用规范选编)
    
    
    ISBN :
    本书介绍了规范在功能关系和交通空间、防火设计、技术经济、设备、安全、室外环境、住宅设计等方面的规定。本书科学合理,内容准确,突出重点。
●
相关链接 在E读中查询图书 在当当中查询图书 在豆瓣中查询图书


正题名:建筑设计规范     索取号:TU202/Z567         预约/预借

序号 登录号 条形码 馆藏地/架位号 状态 备注
1 759136   207591364   建筑库101/ [索取号:TU202/Z567] 在馆    
2 759137   207591373   建筑库101/101建筑库 38排2列3层/ [索取号:TU202/Z567] 在馆    
3 759138   207591382   建筑库101/101建筑库 38排2列3层/ [索取号:TU202/Z567] 在馆    
4 759140   207591408   建筑库101/101建筑库 38排2列3层/ [索取号:TU202/Z567] 在馆    
河南城建学院图书馆 欢迎您!
大连网信软件有限公司© 版权所有